00307nam a2200109Ia 4500082001600000245002400016260001800040300001500058500004900073650004000122650003500162 a004.07 BAS; 0aBasic: by Microsoft as.l.bs.n.c0 axiii, v.p. aPersonal computer hardware reference library aIBM Personal Computer - Programming aComputers - Study and teaching